000 00657nam a2200217Ia 4500
003 GCL
008 140319s9999 xx 000 0 ara d
040 _aGCL /
_cGCL
082 0 4 _a962.43
_bا ج
100 1 _aالير, ابيل
245 1 0 _aجنوب السودان التمادى فى نقض المواثيق والعهود /
_cالير, ابيل
700 1 _aبشير محمد سعيد (مترجم)
260 _a[S.N] :
_bميدلايت ،
_c1992
300 _a3100 ص
490 _a
650 0 4 _aتاريخ
650 0 4 _aالاحوال السياسية
650 0 4 _aالسودان
650 0 4 _aجنوب السودان
942 _2ddc
_cBK
999 _c55457
_d55457